000 00637 a2200193 4500
999 _c2321
_d2321
020 _a020527904X
050 0 0 _aHM51.STE 1999
100 1 _aStephens, W. Richard,
_d1955-
245 1 0 _aCareers in sociology /
_cW. Richard Stephens, Jr.
250 _a2nd ed.
264 _aBoston:
_bAllyn and Bacon.,
_c1999
300 _a108 p. ;
500 _aIncludes bibliographical references (p. 108).
504 _aIncludes bibliographical references (p. 108).
650 0 _aSociology.
650 0 _aSociology
_xVocational guidance.
942 _2lcc
_cBK
_h51
_iSTE
_kHM